Diabetes y sacarina (Record no. 58017)
[ view plain ]
| 000 -LEADER | |
|---|---|
| campo de control de longitud fija | 00594nam a2200169 i 4500 |
| 001 - NÚMERO DE CONTROL | |
| campo de control | 58017 |
| 003 - IDENTIFICADOR DE NÚMERO DE CONTROL | |
| campo de control | ES-MaACL |
| 005 - FECHA Y HORA DE LA ÚLTIMA TRANSACCIÓN | |
| campo de control | 20230906163716.0 |
| 007 - CAMPO FIJO DE DESCRIPCIÓN FÍSICA--INFORMACIÓN GENERAL | |
| campo de control de longitud fija | t| |
| 008 - DATOS DE LONGITUD FIJA--INFORMACIÓN GENERAL | |
| campo de control de longitud fija | 031020s1954 sp ||||1| spa d |
| 100 1# - ENTRADA PRINCIPAL--NOMBRE DE PERSONA | |
| Nombre de persona | Duncan, Garfield George. |
| 9 (RLIN) | 46030 |
| 245 10 - MENCIÓN DEL TÍTULO | |
| Título | Diabetes y sacarina |
| Resto del título | : fundamentos terapéuticos y tratamiento / |
| Mención de responsabilidad, etc. | Garfield George Duncan ; traducción por Ricardo Olaran Osorio. |
| 260 ## - PUBLICACIÓN, DISTRIBUCIÓN, ETC. | |
| Lugar de publicación, distribución, etc. | Barcelona : |
| Nombre del editor, distribuidor, etc. | Labor, |
| Fecha de publicación, distribución, etc. | 1954 ( |
| Fabricante | Tall. Graf. Ibero-Americanos) |
| 300 ## - DESCRIPCIÓN FÍSICA | |
| Extensión | XXIV, 326 p. ; |
| Dimensiones | 24 cm. |
| 700 1# - ENTRADA AGREGADA--NOMBRE PERSONAL | |
| Nombre de persona | Olarán Osorio, Ricardo. |
| 9 (RLIN) | 86656 |
| 852 ## - LOCALIZACIÓN | |
| Ubicación | ES-MaACL |
| Número de control de estantería | C-6512 |
| Sublocalización o colección | R.35918 |
| Estatus retirado | Estado de pérdida | Estado de daño | No para préstamo | Biblioteca de origen | Biblioteca actual | Ubicación en estantería | Fecha de adquisición | Fuente de adquisición | Total de préstamos | Signatura topográfica completa | Código de barras | Visto por última vez | Precio de reemplazo | Tipo de ítem Koha |
|---|---|---|---|---|---|---|---|---|---|---|---|---|---|---|
| Biblioteca del Ateneo de Madrid | Biblioteca del Ateneo de Madrid | Sala Palomar | 17/01/2008 | C-6512 | 1060889 | 23/02/2023 | 23/02/2023 | Libro impreso |
